GSM based industrial disaster intimation and control system (Record no. 261150)

MARC details
000 -LEADER
fixed length control field 00510nam a2200157Ia 4500
008 - FIXED-LENGTH DATA ELEMENTS--GENERAL INFORMATION
fixed length control field 240126s9999 xx 000 0 und d
041 ## - LANGUAGE CODE
Language code of text/sound track or separate title English
082 ## - DEWEY DECIMAL CLASSIFICATION NUMBER
Classification number PREC07-1300
100 ## - MAIN ENTRY--PERSONAL NAME
Personal name Manu Yeeshu, Peeyush Dixit, Rahul Agarwal, Sandip Saha
245 #0 - TITLE STATEMENT
Title GSM based industrial disaster intimation and control system
Remainder of title Sanjeev G., Sridhara M N.
260 ## - PUBLICATION, DISTRIBUTION, ETC.
Name of publisher, distributor, etc. PESIT, Dept. of EC
Place of publication, distribution, etc. Bangalore
440 ## - SERIES STATEMENT/ADDED ENTRY--TITLE
Title NULL
650 ## - SUBJECT ADDED ENTRY--TOPICAL TERM
Topical term or geographic name entry element Electronics
650 ## - SUBJECT ADDED ENTRY--TOPICAL TERM
Topical term or geographic name entry element GSM,disaster,intimation,control,Electronics
942 ## - ADDED ENTRY ELEMENTS (KOHA)
Koha item type Project Reports
Holdings
Date last seen Total checkouts Full call number Accession number Volume/Issue Number Price effective from Category Lost status Damaged status Department Withdrawn status Home library Current library Shelving location Entry date Grants Billdate Currency symbol Conversion rate Discount Old discount
26/01/2024   PREC07-1300 PR1300 (29/06/1905) 26/01/2024 Project Reports     EC   Central Library Central Library Central Library   EC 19/06/2013 RS 1    

© For any Suggestions or Query, please contact the library staff @ librarian@pes.edu or Phone: +9180 2672 1983/ 2108.